000 00623nam a22001817a 4500
005 20241113135817.0
008 241007b |||||||| |||| 00| 0 eng d
020 _a9786214182299
082 _22024
_aDFil 345.599 T82 2024
100 _aTulalian, Victor T.
_930610
245 _aThe revised penal code book I :
_bunderstanding the law /
_cVictor T. Tulalian.
250 _aSecond edition.
260 _aQuezon City :
_bWiseman's Books Trading, Inc.,
_c©2024.
300 _av, 117 pages :
_billustrations ;
_c22 cm.
500 _aIncludes appendices.
650 0 _aCriminal law
_zPhilippines.
_964081
942 _2ddc
_cDFIL
999 _c22256
_d22256